00679 2200241 4500001002100000005001700021008004100038020002200079035002500101040001200126082001400138084001400152245008300166260002800249300002800277504003100305650001200336700002300348850001200371990001800383990001800401990001800419INLIS00000000000532920150824150605.0  a978-602-258-052-2 a0010-051500000000462 aYOPDYOG 223a398.2 a398.2 Fol aFOLKLOR Nusantarab: Hakikat, bentuk, dan fungsic/ Editor, Suwardi Endraswara aYogyakartabOmbakc2013 axii, 284 hlm.c: 21 cm. aBibliografi : hlm. 263-284 aFolklor aSUWARDI Endraswara aYOPDYOG a12567-PD/B.15 a12568-PD/B.15 a12569-PD/B.15